Guess the singer - P - Statistics

General Stats
  • This quiz has been taken 115 times
  • The average score is 13 of 30
Answer Stats
Hint Answer % Correct
Purple Rain Prince
90%
Gangnam Style Psy
87%
Every Breath You Take The Police
83%
Happy Pharrell Williams
77%
So What P!nk
75%
In the Air Tonight Phil Collins
62%
Don't Cha The Pussycat Dolls
56%
Wish You Were Here Pink Floyd
54%
High Hopes Panic! at the Disco
52%
Circles Post Malone
52%
West End Girls Pet Shop Boys
51%
Let Her Go Passenger
44%
You Can Call Me Al Paul Simon
43%
I'm Gonna Be (500 Miles) The Proclaimers
43%
Where Is My Mind? Pixies
42%
Hey There Delilah Plain White T's
42%
Even Flow Pearl Jam
41%
Every Rose Has Its Thorn Poison
40%
Band on the Run Paul McCartney
39%
Give Me Everything Pitbull
35%
Ain't It Fun Paramore
34%
Straight Up Paula Abdul
31%
I'll Stand By You Pretenders
30%
Feel It Still Portugal. The Man
27%
Only Love Can Hurt Like This Paloma Faith
23%
Dior Pop Smoke
19%
Home Phillip Phillips
11%
Motion Sickness Phoebe Bridgers
11%
Popular Playboi Carti
6%
Don't Like.1 Pusha T
5%
No matching quizzes found
Score Distribution
Percent of People with Each Score
Percentile by Number Answered
Your Score History
You have not taken this quiz